Daňový systém a vývoj verejných financií v SR a ČR dizertačná práca

Guardado en:
Detalles Bibliográficos
Autor principal: Švolíková, Oľga
Autor Corporativo: Národohospodárska fakulta EU. Katedra bankovníctva a medzinárodných financií
Otros Autores: Schultzová, Anna
Formato: Libro
Lenguaje:eslovaco
Publicado: Bratislava 2006
Materias:
Etiquetas: Agregar Etiqueta
Sin Etiquetas, Sea el primero en etiquetar este registro!

MARC

LEADER 00000nam$a2200000$$$4500
001 0054964
005 20231103125506.1
041 0 |a slo 
044 |a SK 
245 1 0 |a Daňový systém a vývoj verejných financií v SR a ČR  |b dizertačná práca  |c Oľga Švolíková ; školiteľ: Anna Schultzová 
264 1 |a Bratislava  |c 2006 
300 |a 181 s. 
610 2 0 |a systémy daňové 
610 2 0 |a financie verejné 
610 2 0 |a politika daňová 
610 2 0 |a zdroje finančné 
610 2 0 |a reformy 
610 2 0 |a makroekonomika 
610 2 0 |a sektory hospodárske 
610 2 0 |a Česko 
610 2 0 |a Slovensko 
610 2 0 |a dlhy štátne 
610 2 0 |a konsolidácia 
610 2 0 |a úroveň životná 
100 1 |a Švolíková, Oľga 
700 1 |a Schultzová, Anna 
710 2 |a Národohospodárska fakulta EU. Katedra bankovníctva a medzinárodných financií